|
|
|
|
| LEADER |
00743nta a2200205 i 4500 |
| 001 |
dokt6982 |
| 005 |
20220720164233.0 |
| 008 |
220720s1980 hu om 0|| hun d |
| 040 |
|
|
|a SZTE Doktori Repozitórium
|b hun
|
| 041 |
|
|
|a hun
|
| 100 |
1 |
|
|a Egri Piroska
|
| 245 |
1 |
0 |
|a Patológiás immunglobulinok kvalitatív értékelése a klinikai-laboratóriumi szűrővizsgálatok során
|h [elektronikus dokumentum] /
|c Egri Piroska
|
| 260 |
|
|
|c 1980
|
| 502 |
|
|
|a Disszertacio
|
| 650 |
|
4 |
|a klinikai orvostudományok
|
| 650 |
|
4 |
|a Orvos- és egészségtudomány
|
| 650 |
|
4 |
|a Klinikai orvostan
|
| 695 |
|
|
|a Orvostudomány
|
| 700 |
1 |
|
|a nincs megadva
|e ths
|
| 856 |
4 |
0 |
|u https://doktori.bibl.u-szeged.hu/id/eprint/6982/1/1980_egri_piroska.pdf
|z Dokumentum-elérés
|